L'Amérique préhistorique / (Record no. 160469)

MARC details
000 -LEADER
campo de control de longitud fija 00685nam a22001815i 4500
001 - NÚMERO DE CONTROL
campo de control 160469
003 - IDENTIFICADOR DE NÚMERO DE CONTROL
campo de control ES-MaACL
005 - FECHA Y HORA DE LA ÚLTIMA TRANSACCIÓN
campo de control 20250718063331.0
008 - DATOS DE LONGITUD FIJA--INFORMACIÓN GENERAL
campo de control de longitud fija 990506s1883 fr a |||| | fre d
040 ## - FUENTE DE CATALOGACIÓN
Centro catalogador/agencia de origen CCPB | B
Lengua de catalogación spa
Centro/agencia transcriptor CCPB | B
100 1# - ENTRADA PRINCIPAL--NOMBRE DE PERSONA
Nombre de persona Du Pouget, Jean,
Fechas asociadas al nombre 1818-1904
9 (RLIN) 130379
245 12 - MENCIÓN DEL TÍTULO
Título L'Amérique préhistorique /
Mención de responsabilidad, etc. Marquis de Nadaillac ; avec 219 figures dans le texte.
260 ## - PUBLICACIÓN, DISTRIBUCIÓN, ETC.
Lugar de publicación, distribución, etc. Paris :
Nombre del editor, distribuidor, etc. G. Masson, Éditeur,
Fecha de publicación, distribución, etc. 1883 (
Lugar de fabricación/manufactura Corbeil :
Fabricante Typ. et stér. Crété)
300 ## - DESCRIPCIÓN FÍSICA
Extensión VIII, 588 p. :
Otras características físicas il. ;
Dimensiones 25 cm.
651 #4 - PUNTO DE ACCESO ADICIONAL DE MATERIA--NOMBRE GEOGRÁFICO
Nombre geográfico América-
Subdivisión general Historia-
Subdivisión cronológica Época prehistórica.
9 (RLIN) 152032
852 ## - LOCALIZACIÓN
Ubicación ES-MaACL
Número de control de estantería F-10646
Nota libre -- Enc. pasta española
Holdings
Estatus retirado Estado de pérdida Estado de daño No para préstamo Colección Biblioteca de origen Biblioteca actual Ubicación en estantería Fecha de adquisición Fuente de adquisición Total de préstamos Signatura topográfica completa Código de barras Visto por última vez Precio de reemplazo Tipo de ítem Koha
        Libros del s. XIX Biblioteca del Ateneo de Madrid Biblioteca del Ateneo de Madrid Sala Pecera Planta 2 17/01/2008     F-10646 1168024 23/02/2023 23/02/2023 Libro impreso antiguo